[Event "EUSA-ch Open 2019"]
[Site "Budapest"]
[Date "2019.07.26"]
[Round "6.3"]
[White "Shevchenko, Kirill"]
[Black "Lewicki, Miroslaw"]
[Result "1-0"]
[WhiteElo "2536"]
[BlackElo "2351"]
[Annotator "ChessBase"]
[PlyCount "117"]
[EventDate "2019.07.23"]
[EventType "team-tourn"]
[EventCountry "HUN"]
[SourceTitle "playchess.com"]
[Source "ChessBase"]
[SourceQuality "1"]
[TimeControl "1500+10"]

1. d4 {[%emt 0:00:00]} Nf6 {[%emt 0:00:00]} 2. c4 {[%emt 0:00:00]} e6 {[%emt 0:00:00]} 3. Nc3 {[%emt 0:00:00]} d5 {[%emt 0:00:00]} 4. Nf3 {[%emt 0:00:01]} Be7 {[%emt 0:00:03]} 5. g3 {[%emt 0:00:09]} O-O {[%emt 0:00:03]} 6. Bg2 {[%emt 0:00:01]} b6 {[%emt 0:00:02]} 7. cxd5 {[%emt 0:00:54]} exd5 {[%emt 0:00:01]} 8. O-O {[%emt 0:00:12]} Bb7 {[%emt 0:00:03]} 9. Bf4 {[%emt 0:01:32]} c5 {[%emt 0:00:43]} 10. dxc5 {[%emt 0:02:28]} bxc5 {[%emt 0:00:06]} 11. Nh4 {[%emt 0:00:19]} Qd7 {[%emt 0:00:35]} 12. Qb3 {[%emt 0:02:42]} c4 {[%emt 0:00:37]} 13. Qc2 {[%emt 0:00:19]} Na6 {[%emt 0:04:14]} 14. Rad1 {[%emt 0:02:00]} Rfd8 {[%emt 0:01:11]} 15. Nf5 {[%emt 0:00:50]} Bf8 {[%emt 0:00:03]} 16. Bg5 {[%emt 0:03:49]} Qe6 {[%emt 0:01:03]} 17. Bxf6 {[%emt 0:00:58]} Qxf6 {[%emt 0:00:50]} 18. Ne3 {[%emt 0:00:32]} Nb4 {[%emt 0:02:05]} 19. Qc1 {[%emt 0:01:14]} Rab8 {[%emt 0:00:45]} 20. Nexd5 {[%emt 0:01:41]} Nxd5 {[%emt 0:01:00]} 21. Bxd5 {[%emt 0:00:07]} Bxd5 {[%emt 0:00:17]} 22. Rxd5 {[%emt 0:00:08]} Rxd5 {[%emt 0:00:27]} 23. Nxd5 {[%emt 0:00:01]} Qxb2 {[%emt 0:00:01]} 24. Qxc4 {[%emt 0:00:01]} Qd2 {[%emt 0:00:18]} 25. a4 {[%emt 0:03:29]} h6 {[%emt 0:00:42]} 26. Kg2 {[%emt 0:01:43]} a5 {[%emt 0:00:23]} 27. h4 {[%emt 0:00:46]} Bb4 {[%emt 0:01:02]} 28. Rc1 {[%emt 0:00:19]} Re8 {[%emt 0:00:57]} 29. Rc2 {[%emt 0:00:15]} Qd1 {[%emt 0:00:11]} 30. Nf4 {[%emt 0:01:59]} Qd7 {[%emt 0:00:27]} 31. Qc6 {[%emt 0:01:05]} Qxc6+ {[%emt 0:00:10]} 32. Rxc6 {[%emt 0:00:01]} Re4 {[%emt 0:00:06]} 33. Kf3 {[%emt 0:00:06]} Rd4 {[%emt 0:00:04]} 34. Ke3 {[%emt 0:00:26]} Rd1 {[%emt 0:00:21]} 35. Rc8+ {[%emt 0:00:07]} Kh7 {[%emt 0:00:05]} 36. Rc7 {[%emt 0:00:04]} Ra1 {[%emt 0:02:21]} 37. Rxf7 {[%emt 0:00:12]} Rxa4 {[%emt 0:00:03]} 38. h5 {[%emt 0:00:12]} Kg8 {[%emt 0:00:47]} 39. Rb7 {[%emt 0:00:34]} Bc5+ {[%emt 0:01:02]} 40. Kf3 {[%emt 0:00:01]} Bd6 {[%emt 0:01:52]} 41. Ne6 {[%emt 0:00:12]} Be5 {[%emt 0:00:04]} 42. e4 {[%emt 0:00:11]} Rc4 {[%emt 0:01:18]} 43. Rb5 {[%emt 0:00:15]} Bc3 {[%emt 0:00:09]} 44. Rc5 {[%emt 0:00:12]} Rxc5 45. Nxc5 {[%emt 0:00:00]} Kf7 {[%emt 0:00:09]} 46. Ke3 {[%emt 0:00:03]} Bb4 {[%emt 0:00:13]} 47. Na4 {[%emt 0:00:08]} Ke6 {[%emt 0:00:02]} 48. f4 {[%emt 0:00:07]} Be1 {[%emt 0:00:02]} 49. g4 {[%emt 0:00:01]} Kf6 {[%emt 0:00:10]} 50. e5+ {[%emt 0:00:06]} Ke7 {[%emt 0:00:16]} 51. Kd4 {[%emt 0:00:19]} Bf2+ {[%emt 0:00:42]} 52. Kd5 {[%emt 0:00:02]} Be3 {[%emt 0:00:08]} 53. f5 {[%emt 0:00:02]} Bf2 {[%emt 0:00:11]} 54. Kc6 {[%emt 0:00:16]} Bd4 {[%emt 0:00:12]} 55. e6 {[%emt 0:00:04]} Be3 {[%emt 0:00:10]} 56. Nc3 {[%emt 0:00:02]} Bf2 {[%emt 0:00:28]} 57. Nd5+ {[%emt 0:00:05]} Ke8 {[%emt 0:00:04]} 58. Kb5 {[%emt 0:00:03]} Be1 {[%emt 0:00:16]} 59. Nb6 {[%emt 0:00:23]} 1-0

[Event "EUSA-ch Open 2019"]
[Site "Budapest"]
[Date "2019.07.26"]
[Round "6.4"]
[White "Molenda, Marcin"]
[Black "Golubka, Petro"]
[Result "0-1"]
[WhiteElo "2387"]
[BlackElo "2483"]
[Annotator "ChessBase"]
[PlyCount "83"]
[EventDate "2019.07.23"]
[EventType "team-tourn"]
[EventCountry "HUN"]
[SourceTitle "playchess.com"]
[Source "ChessBase"]
[SourceQuality "1"]
[TimeControl "1500+10"]

1. e4 {[%emt 0:00:00]} c5 {[%emt 0:00:00]} 2. Nf3 {[%emt 0:00:00]} d6 {[%emt 0:00:02]} 3. d4 {[%emt 0:00:00]} cxd4 {[%emt 0:00:03]} 4. Nxd4 {[%emt 0:00:00]} Nf6 {[%emt 0:00:02]} 5. Nc3 {[%emt 0:00:02]} a6 {[%emt 0:00:02]} 6. f3 {[%emt 0:00:02]} e6 {[%emt 0:00:03]} 7. Be3 {[%emt 0:00:03]} b5 {[%emt 0:00:02]} 8. Qd2 {[%emt 0:00:22]} Bb7 {[%emt 0:00:02]} 9. g4 {[%emt 0:00:14]} h6 {[%emt 0:00:05]} 10. O-O-O {[%emt 0:00:12]} Nbd7 {[%emt 0:00:03]} 11. h4 {[%emt 0:00:10]} b4 {[%emt 0:00:04]} 12. Na4 {[%emt 0:00:06]} d5 {[%emt 0:00:14]} 13. Rg1 {[%emt 0:00:47]} g5 {[%emt 0:00:17]} 14. hxg5 {[%emt 0:00:18]} hxg5 {[%emt 0:00:02]} 15. Bxg5 {[%emt 0:00:20]} Qa5 {[%emt 0:00:08]} 16. b3 {[%emt 0:00:16]} dxe4 {[%emt 0:00:10]} 17. f4 {[%emt 0:02:43]} Bd5 {[%emt 0:02:28]} 18. Kb1 {[%emt 0:00:13]} O-O-O {[%emt 0:00:21]} 19. Bc4 {[%emt 0:01:51]} Re8 {[%emt 0:01:12]} 20. Qe2 {[%emt 0:01:45]} Kb7 {[%emt 0:00:24]} 21. Bxd5+ {[%emt 0:02:25]} exd5 {[%emt 0:00:04]} 22. Nf5 {[%emt 0:00:04]} Qb5 {[%emt 0:00:54]} 23. Qf2 {[%emt 0:02:13]} Qc6 {[%emt 0:01:55]} 24. Bxf6 {[%emt 0:00:44]} Nxf6 {[%emt 0:00:11]} 25. g5 {[%emt 0:00:08]} Nd7 {[%emt 0:01:20]} 26. Qd4 {[%emt 0:00:24]} Rh2 {[%emt 0:01:07]} 27. Qxd5 {[%emt 0:01:57]} Qxd5 {[%emt 0:00:10]} 28. Rxd5 {[%emt 0:00:02]} Nb6 {[%emt 0:00:27]} 29. Nxb6 {[%emt 0:00:09]} Kxb6 {[%emt 0:00:01]} 30. Ne3 {[%emt 0:01:42]} Kc6 {[%emt 0:03:40]} 31. Rf5 {[%emt 0:00:22]} Re2 {[%emt 0:00:39]} 32. Nc4 {[%emt 0:00:09]} e3 {[%emt 0:01:02]} 33. Rf6+ {[%emt 0:00:36]} Kd5 {[%emt 0:00:20]} 34. Rxf7 {[%emt 0:00:50]} Bc5 {[%emt 0:00:48]} 35. Rf5+ {[%emt 0:00:43]} Kc6 {[%emt 0:00:08]} 36. Ne5+ {[%emt 0:00:06]} Kb7 {[%emt 0:00:02]} 37. Nd3 {[%emt 0:00:23]} Bd4 {[%emt 0:00:04]} 38. g6 {[%emt 0:02:18]} Rd2 {[%emt 0:00:33]} 39. Rf7+ {[%emt 0:04:08]} Kc6 {[%emt 0:03:02]} 40. g7 {[%emt 0:02:32]} e2 {[%emt 0:01:28]} 41. Rg6+ {[%emt 0:00:13]} Kd5 {[%emt 0:01:37]} 42. c4+ {Ke5} 0-1

[Event "EUSA-ch Open 2019"]
[Site "Budapest"]
[Date "2019.07.26"]
[Round "6.5"]
[White "Smolka, Marcin"]
[Black "Korpa, Bence"]
[Result "0-1"]
[WhiteElo "2178"]
[BlackElo "2523"]
[Annotator "ChessBase"]
[PlyCount "98"]
[EventDate "2019.07.23"]
[EventType "team-tourn"]
[EventCountry "HUN"]
[SourceTitle "playchess.com"]
[Source "ChessBase"]
[SourceQuality "1"]
[TimeControl "1500+10"]

1. e4 {[%emt 0:00:00]} c5 {[%emt 0:00:00]} 2. c4 {[%emt 0:00:00]} e6 {[%emt 0:00:09]} 3. Nc3 {[%emt 0:00:01]} b6 {[%emt 0:00:10]} 4. Nf3 {[%emt 0:00:06]} Bb7 {[%emt 0:00:04]} 5. d4 {[%emt 0:00:04]} cxd4 {[%emt 0:00:03]} 6. Nxd4 {[%emt 0:00:03]} d6 {[%emt 0:00:03]} 7. Be2 {[%emt 0:00:10]} a6 {[%emt 0:00:14]} 8. Be3 {[%emt 0:00:02]} Nf6 {[%emt 0:00:09]} 9. f3 {[%emt 0:00:03]} Nbd7 {[%emt 0:00:04]} 10. Qd2 {[%emt 0:00:01]} Be7 {[%emt 0:00:02]} 11. O-O {[%emt 0:00:05]} O-O {[%emt 0:00:03]} 12. Rfd1 {[%emt 0:00:02]} Qc7 {[%emt 0:00:02]} 13. Rac1 {[%emt 0:00:01]} Rfc8 {[%emt 0:00:05]} 14. Bf1 {[%emt 0:00:11]} Qd8 {[%emt 0:00:03]} 15. Qf2 {[%emt 0:01:01]} Rab8 {[%emt 0:00:16]} 16. Nc2 {[%emt 0:00:43]} Qf8 {[%emt 0:03:31]} 17. Qd2 {[%emt 0:03:48]} h6 {[%emt 0:01:48]} 18. b3 {[%emt 0:01:46]} g5 {[%emt 0:00:34]} 19. h4 {[%emt 0:02:06]} Nh7 {[%emt 0:00:06]} 20. Nd4 {[%emt 0:00:01]} Qg7 {[%emt 0:00:20]} 21. Bd3 {[%emt 0:00:58]} Ne5 {[%emt 0:00:35]} 22. Bb1 {[%emt 0:00:02]} gxh4 {[%emt 0:01:15]} 23. Bxh6 {[%emt 0:00:39]} Qg6 {[%emt 0:00:02]} 24. Bf4 {[%emt 0:03:06]} Nf6 {[%emt 0:03:28]} 25. Kf2 {[%emt 0:01:30]} Nh5 {[%emt 0:00:27]} 26. Nd5 {[%emt 0:05:17]} Bd8 {[%emt 0:02:11]} 27. Rh1 {[%emt 0:01:10]} Nxf4 {[%emt 0:02:53]} 28. Nxf4 {[%emt 0:00:17]} Qg3+ {[%emt 0:00:26]} 29. Kf1 {[%emt 0:00:31]} b5 {[%emt 0:04:03]} 30. Rh3 {[%emt 0:01:08]} Qg5 {[%emt 0:00:06]} 31. g3 {[%emt 0:00:10]} Ng6 {[%emt 0:01:00]} 32. Qe1 {[%emt 0:02:20]} Nxf4 {[%emt 0:01:52]} 33. gxf4 {[%emt 0:00:02]} Qxf4 {[%emt 0:00:07]} 34. Rc2 {[%emt 0:00:36]} bxc4 {[%emt 0:00:08]} 35. bxc4 {[%emt 0:02:05]} Kf8 {[%emt 0:00:18]} 36. Ne2 {[%emt 0:00:21]} Qf6 {[%emt 0:00:27]} 37. Rc1 {[%emt 0:00:29]} Rc5 {[%emt 0:00:58]} 38. Qf2 {[%emt 0:00:06]} Ba8 {[%emt 0:00:20]} 39. f4 {[%emt 0:00:13]} Qb2 {[%emt 0:00:43]} 40. Qe3 {[%emt 0:00:11]} Bb6 {[%emt 0:00:42]} 41. Qd3 {[%emt 0:00:01]} Ke7 {[%emt 0:00:03]} 42. Rd1 {[%emt 0:00:10]} Rd8 {[%emt 0:00:29]} 43. e5 {[%emt 0:00:13]} d5 {[%emt 0:00:19]} 44. f5 {[%emt 0:00:16]} dxc4 {[%emt 0:00:50]} 45. f6+ {[%emt 0:00:01]} Ke8 {[%emt 0:00:01]} 46. Qc2 {[%emt 0:00:19]} Qxc2 {[%emt 0:00:13]} 47. Bxc2 {[%emt 0:00:00]} Rxd1+ {[%emt 0:00:04]} 48. Bxd1 {[%emt 0:00:01]} Rxe5 {[%emt 0:00:09]} 49. Rxh4 {[%emt 0:00:03]} Rf5+ {[%emt 0:00:01]} 0-1

[Event "EUSA-ch Open 2019"]
[Site "Budapest"]
[Date "2019.07.26"]
[Round "6.6"]
[White "Kaczur, Florian"]
[Black "Popiol, Michal"]
[Result "1-0"]
[WhiteElo "2463"]
[BlackElo "2187"]
[Annotator "ChessBase"]
[PlyCount "111"]
[EventDate "2019.07.23"]
[EventType "team-tourn"]
[EventCountry "HUN"]
[SourceTitle "playchess.com"]
[Source "ChessBase"]
[SourceQuality "1"]
[TimeControl "1500+10"]

1. g3 {[%emt 0:00:00]} g6 {[%emt 0:00:00]} 2. Nf3 {[%emt 0:00:01]} Bg7 {[%emt 0:00:02]} 3. Bg2 {[%emt 0:00:08]} Nf6 {[%emt 0:00:03]} 4. O-O {[%emt 0:00:25]} O-O {[%emt 0:00:03]} 5. d4 {[%emt 0:00:05]} d5 {[%emt 0:00:01]} 6. c4 {[%emt 0:00:10]} dxc4 {[%emt 0:00:03]} 7. Na3 {[%emt 0:00:12]} c3 {[%emt 0:00:02]} 8. bxc3 {[%emt 0:00:02]} c5 {[%emt 0:00:02]} 9. Nc4 {[%emt 0:00:17]} Nc6 {[%emt 0:00:46]} 10. a4 {[%emt 0:01:29]} Nd5 {[%emt 0:02:23]} 11. Bb2 {[%emt 0:01:16]} Nb6 {[%emt 0:00:46]} 12. Ne3 {[%emt 0:01:51]} Na5 {[%emt 0:00:36]} 13. dxc5 {[%emt 0:02:04]} Nbc4 {[%emt 0:00:02]} 14. Nxc4 {[%emt 0:00:18]} Nxc4 {[%emt 0:00:02]} 15. Qb3 {[%emt 0:02:29]} Nxb2 {[%emt 0:00:25]} 16. Qxb2 {[%emt 0:00:04]} Qa5 {[%emt 0:01:01]} 17. Qb5 {[%emt 0:00:27]} Qxc3 {[%emt 0:01:49]} 18. Rac1 {[%emt 0:00:13]} Qf6 {[%emt 0:00:27]} 19. Rfd1 {[%emt 0:00:54]} Bh6 {[%emt 0:02:32]} 20. e3 {[%emt 0:01:27]} e5 {[%emt 0:06:42]} 21. c6 {[%emt 0:01:34]} bxc6 {[%emt 0:00:34]} 22. Qxe5 {[%emt 0:01:43]} Bg7 {[%emt 0:00:55]} 23. Qxf6 {[%emt 0:00:07]} Bxf6 {[%emt 0:00:01]} 24. Rxc6 {[%emt 0:00:09]} Kg7 {[%emt 0:00:02]} 25. Rc7 {[%emt 0:02:29]} a5 {[%emt 0:01:11]} 26. Rdc1 {[%emt 0:01:13]} Rb8 {[%emt 0:00:52]} 27. Nd4 {[%emt 0:00:51]} Be5 {[%emt 0:03:19]} 28. R7c5 {[%emt 0:00:17]} Bxd4 {[%emt 0:00:03]} 29. exd4 {[%emt 0:00:02]} Bd7 {[%emt 0:00:06]} 30. Rxa5 {[%emt 0:00:19]} Rb4 {[%emt 0:00:02]} 31. Ra1 {[%emt 0:00:35]} Rxd4 {[%emt 0:00:08]} 32. Ra7 {[%emt 0:00:19]} Rc8 {[%emt 0:00:42]} 33. a5 {[%emt 0:00:12]} Bc6 {[%emt 0:03:20]} 34. Bxc6 {[%emt 0:02:30]} Rxc6 {[%emt 0:00:02]} 35. Ra2 {[%emt 0:00:08]} Rcc4 {[%emt 0:01:02]} 36. Rb7 {[%emt 0:00:56]} Ra4 {[%emt 0:00:09]} 37. Rbb2 {[%emt 0:00:02]} Rd1+ {[%emt 0:00:06]} 38. Kg2 {[%emt 0:00:02]} Ra1 {[%emt 0:00:01]} 39. Rxa1 {[%emt 0:00:17]} Rxa1 {[%emt 0:00:02]} 40. Rb5 {[%emt 0:00:02]} Ra3 {[%emt 0:00:17]} 41. g4 {[%emt 0:00:17]} h6 {[%emt 0:00:31]} 42. h4 {[%emt 0:00:05]} Ra4 {[%emt 0:00:20]} 43. Kg3 Ra3+ {[%emt 0:00:02]} 44. f3 {[%emt 0:00:04]} Ra4 {[%emt 0:00:01]} 45. h5 {[%emt 0:00:13]} gxh5 {[%emt 0:00:19]} 46. Rxh5 {[%emt 0:00:12]} Ra3 {[%emt 0:00:18]} 47. Rf5 {[%emt 0:00:05]} Ra4 {[%emt 0:00:03]} 48. Kf2 {[%emt 0:00:08]} Ra3 {[%emt 0:00:06]} 49. Ke2 {[%emt 0:00:10]} Ra4 {[%emt 0:00:36]} 50. Kd3 {[%emt 0:00:05]} Ra3+ {[%emt 0:00:09]} 51. Kc4 {[%emt 0:00:05]} Ra1 {[%emt 0:00:01]} 52. Kb5 {[%emt 0:00:04]} Rb1+ {[%emt 0:00:15]} 53. Kc6 {[%emt 0:00:02]} Ra1 {[%emt 0:00:02]} 54. Kb6 {[%emt 0:00:10]} Kf8 {[%emt 0:00:08]} 55. a6 {[%emt 0:00:03]} Ke7 {[%emt 0:00:03]} 56. a7 {[%emt 0:00:48]} 1-0

[Event "EUSA-ch Open 2019"]
[Site "Budapest"]
[Date "2019.07.26"]
[Round "7.1"]
[White "Zaslavsky, Mikhail"]
[Black "Chigaev, Maksim"]
[Result "1/2-1/2"]
[WhiteElo "2405"]
[BlackElo "2640"]
[Annotator "TA"]
[PlyCount "255"]
[EventDate "2019.07.23"]
[EventType "team-tourn"]
[EventCountry "HUN"]
[SourceTitle "playchess.com"]
[Source "ChessBase"]
[SourceQuality "1"]

{[%evp 9,255,-18,-20,-35,-37,-20,16,5,18,8,43,33,30,0,-6,-53,30,-11,-25,-51,-16,-21,-20,-7,0,-51,-64,-74,-50,-127,-127,-202,-189,-185,-77,-70,-81,-77,-83,-76,-83,-78,-82,-120,-120,-132,-110,-133,-77,-76,-81,-72,-77,-113,-87,-94,-10,-13,-8,-8,-8,-10,0,-8,-8,-8,0,-8,0,0,0,-8,-8,-8,-8,-15,-15,-15,-16,-31,-16,-38,-46,-46,-48,-48,-19,-33,-8,-8,-8,-8,0,-8,-8,-8,0,0,0,0,0,0,0,0,0,0,0,-8,0,-2,0,0,0,-8,-8,-8,-8,-8,-8,-8,0,-8,0,0,0,-8,0,0,0,-8,-8,-16,-8,-8,-8,-8,0,-8,0,-8,0,-8,-2,-8,0,-8,0,0,0,0,0,0,0,0,0,0,0,0,0,0,0,-8,0,0,0,0,0,0,0,0,0,0,0,0,0,0,0,0,0,0,0,0,0,0,0,0,172,170,168,172,249,245,238,232,291,285,277,270,222,199,464,466,460,454,391,391,391,372,356,317,4598,568,832,897,1602,798,831,812,768,216,239,0,708,442,420,413,412,302,360,289,252,57,53,0,0,1,0,0,0,-8,-8,-8,-8,-8,-8,-8,-8,-8]} 1. f4 d5 2. Nf3 g6 3. e3 Bg7 4. c4 Nf6 5. cxd5 Nxd5 6. Nc3 {[%cal Bb1c3,Bc3e4,Be4c5][%mdl 32] A03: Bird's Opening with 1...d5} O-O 7. Qb3 c6 $146 ({Predecessor:} 7... Nb6 8. Be2 c5 9. O-O Nc6 10. d3 Bf5 11. Qd1 Qc7 12. Nh4 Rad8 13. Nxf5 gxf5 {½-½ (62) Sipila,V (2393)-Williams,S (2513) London 2012}) 8. d4 Nb6 9. Be2 Be6 10. Qc2 a5 11. Ne4 Bf5 12. Nh4 Bd7 (12... e6 $15 13. g3 Bxe4 14. Qxe4 Nd5) 13. Nc5 e5 $36 {[%mdl 2048] White is under pressure.} 14. Nf3 exf4 15. e4 Bg4 {Hoping for ...Bxf3.} 16. Bxf4 Bxf3 17. Bxf3 (17. gxf3 $11 Bxd4 18. O-O-O) 17... Qxd4 $15 18. Rd1 Qb4+ 19. Bd2 (19. Rd2 $15) 19... Qc4 $17 ({But not} 19... Qxb2 20. Qxb2 Bxb2 21. Bf4 $15) 20. Rc1 (20. Qxc4 $17 Nxc4 21. Bc1) 20... Qxa2 $19 21. Nxb7 Qxb2 ({Don't play} 21... Bxb2 22. Rb1 $17) (21... N8d7 $19 22. b3 Qxc2 23. Rxc2 a4 24. bxa4 Rxa4) 22. Qxb2 $17 Bxb2 23. Rc2 Bd4 24. Nxa5 c5 25. Ke2 N6d7 26. Rb1 Ne5 27. Rb5 Nbd7 28. Bf4 Ra6 (28... f5 $142 {And now ...Rxa5! would win.} 29. Bxe5 Nxe5) 29. Nb3 Re8 30. Nxd4 cxd4 31. Rd2 Nc6 32. Kf2 Nde5 ({Better is} 32... h5 $17 33. Bc7 Kg7) 33. Bxe5 $11 Nxe5 34. Rxd4 Kg7 35. Kg3 h5 36. h4 Ra3 37. Rdb4 Raa8 38. Rd5 Re7 39. Rbb5 Rae8 40. Kf4 {[%cal Rd5e5]} Nc6 41. Rbc5 Nd8 42. Ra5 Ne6+ 43. Kg3 Rc8 44. Ra3 Rc2 45. Rad3 Nc5 46. R3d4 Rc3 47. Kh2 Ne6 48. Rd2 Nf4 49. Rd7 Rxd7 50. Rxd7 {[%mdl 4096] Endgame KRB-KRN} Nd3 51. Rd5 Kf6 52. Kg3 Nb4 53. Rb5 Nc6 54. Kf4 Nd4 55. Ra5 Ne6+ 56. Kg3 Rc5 57. Ra7 Rb5 58. Rd7 Re5 59. Ra7 Nd4 60. Kf4 {Strongly threatening Rxf7+!} Ne6+ 61. Kg3 Rc5 62. Rd7 Ra5 63. Rb7 Nc5 64. Rc7 Nd3 65. Rd7 Ne5 66. Rd6+ Ke7 67. Rb6 Ra3 68. Kf4 Nd3+ (68... Nd7 {keeps more tension.} 69. Rb7 Kd6 70. Kg5 Rc3 71. Ra7 Ke6) 69. Kg3 Nc5 70. Kf4 Ne6+ 71. Kg3 Kf6 72. Rb5 Rc3 73. Ra5 Rc5 74. Ra7 Rc7 75. Ra5 Nc5 76. Kf4 Nd3+ 77. Kg3 Ne5 78. Kf4 Re7 79. Ra6+ Kg7 80. Ra5 f6 81. Ra6 Rc7 82. Kg3 Rc3 83. Ra7+ Kh6 84. Ra6 Rc6 85. Ra5 Re6 86. Ra8 Nf7 87. Kf4 Rb6 88. Ra7 Ne5 89. Ra8 Re6 90. Rh8+ Kg7 91. Ra8 Re7 92. Ra5 Nf7 93. Kg3 Rc7 94. Ra6 Ne5 95. Kf4 Rc6 96. Ra7+ Kh6 97. Ra8 g5+ $2 (97... Rc2 $11 {and Black stays safe.}) 98. hxg5+ $18 Kg6 99. gxf6 $1 {[%mdl 64] Overworked Piece} Kxf6 (99... Nd3+ $142 100. Ke3 Ne5 101. Bxh5+ Kxf6 102. Rf8+ Ke6) 100. Bxh5 Nd3+ 101. Ke3 Ne5 {[#]} 102. Rf8+ $1 Ke7 103. Rf5 Ke6 104. Be2 Rb6 $2 (104... Rc5 105. g4 Ra5) 105. Kf4 Nd7 106. Bc4+ Ke7 107. Rf7+ Ke8 108. Rg7 Rf6+ 109. Kg5 Rf2 $2 (109... Rc6 110. Bf7+ Kd8) 110. g4 (110. Bb5 $142 Rxg2+ {[#]} 111. Kh6 $1 {[%mdl 512]}) 110... Ne5 111. Be6 Nf3+ 112. Kf6 {[%cal Rg7g8]} Nd2+ 113. Ke5 Kf8 114. Rg8+ $2 (114. Rc7 Nf3+ 115. Kd6) 114... Ke7 {intending ...Nf3+.} 115. Rg7+ $2 (115. Bf5 Nf3+ 116. Kf4) 115... Kf8 116. Ra7 Nf3+ 117. Kd6 Nd4 118. Ra8+ Kg7 119. Bf5 Rd2 120. Ra7+ $2 ({White should play} 120. Ke5 $18 {Black must now prevent Ra7+.} Nc6+ 121. Kf4) 120... Kf6 $1 $14 121. e5+ ({White should try} 121. Ra6 $14 Nf3+ 122. Kc5+ Ke5 123. Re6+ Kf4 124. Re8) 121... Kg5 $11 {The position is equal.} 122. Rg7+ Kf4 123. Rf7 Nf3+ 124. Ke6 {Ra7 is the strong threat.} Ng5+ 125. Kf6 Nxf7 126. Kxf7 Kxe5 127. Kg6 Rg2 128. Kg5 {Accuracy: White = 62%, Black = 46%.} 1/2-1/2

[Event "EUSA-ch Open 2019"]
[Site "Budapest"]
[Date "2019.07.26"]
[Round "7.2"]
[White "Predke, Alexandr"]
[Black "Galburd, Yan"]
[Result "1/2-1/2"]
[WhiteElo "2632"]
[BlackElo "2429"]
[Annotator "TA"]
[PlyCount "97"]
[EventDate "2019.07.23"]
[EventType "team-tourn"]
[EventCountry "HUN"]
[SourceTitle "playchess.com"]
[Source "ChessBase"]
[SourceQuality "1"]

{[%evp 15,97,0,5,0,8,0,0,0,21,22,19,27,35,-25,-30,-40,14,15,12,6,4,3,4,0,14,12,14,12,17,14,9,6,6,8,9,1,14,12,19,14,19,14,18,14,28,6,23,5,6,5,11,12,18,18,22,25,21,8,37,20,23,23,24,5,8,0,0,0,0,0,0,0,0,0,0,0,4,0,1,0,5,0,5,0]} 1. e4 e6 2. d4 d5 3. Nd2 c5 4. exd5 exd5 5. Ngf3 Nf6 6. Bb5+ Bd7 7. Qe2+ Be7 8. dxc5 O-O 9. Nb3 {C08: French Tarrasch: 3...c5 4 exd5 exd5 sidelines} a6 10. Bd3 (10. Bxd7 Nbxd7 11. Be3 Rc8 12. O-O Re8 13. Qd3 Nxc5 14. Nxc5 Bxc5 15. Bxc5 Rxc5 16. Rfe1 Rc8 {1-0 (41) Jones,G (2682)-Savchenko,B (2562) St Petersburg 2018}) 10... Re8 11. Be3 a5 12. a4 Na6 13. Bxa6 Rxa6 14. h3 $146 (14. O-O $14) ({Predecessor:} 14. O-O Ng4 15. Qd3 Nxe3 16. fxe3 Qc7 17. Qxd5 Bf6 18. Ng5 Bc6 {0-1 (37) Fellousi,A (2188)-Contin,D (2394) Catalan Bay 2004}) 14... Ne4 $11 15. O-O Bxc5 (15... Bf6 $15 16. c3 Qc8) 16. Nxc5 Nxc5 17. Qd2 Nxa4 18. b3 Nb6 19. Bd4 Nc8 20. Bc3 {[%cal Rc3a5]} a4 21. Qxd5 Bc6 22. Qxd8 Rxd8 23. Rfd1 Re8 24. Nd4 Bd7 25. bxa4 Rxa4 26. Rab1 b6 27. Bb4 f6 28. f3 Ra7 29. Kf2 Rc7 30. Re1 Re5 31. g4 h5 32. Kg3 Kf7 33. c3 hxg4 34. hxg4 Rd5 35. Re2 Rc4 36. Ra2 Kg6 37. Ra6 f5 38. gxf5+ Bxf5 39. Nxf5 (39. Rd1 {is interesting.} Bd7 40. Kg2 Kf7 41. Kf2 b5 42. Ra8) 39... Kxf5 {The position is equal.} 40. Re1 Rc6 41. Ra8 Kg6 42. Kf2 Rd2+ 43. Ke3 Rd7 44. Rg1+ Kf7 45. Rg4 Ne7 46. Rf4+ Kg6 47. Rg4+ Kf7 48. Rf4+ Kg6 {[#] Hoping for ...Nd5+.} 49. Rg4+ {Accuracy: White = 54%, Black = 59%.} 1/2-1/2